00469 2200193 4500001002100000005001500021035002000036008004100056245003700097100001800134250000600152260004600158300001100204084001400215082000800229650001400237990001200251990001200263INLIS00000000000038620240430020245 a0010-0424000362240430 0 ind 1 aKonservasi Tanah /cTeguh Yuwono aYuwono, Teguh a1 aYogyakarta :bPT. Citra Aji Parama,c2015 a60 hlm a550 TEG k a550 4aNon Fiksi a0728611 a0728612